00246nam a2200097Ia 4500008004100000100002800041245002900069260003200098300000800130650001000138190216s9999||||xx |||||||||||||| ||und|| aAcharya Hansa Vardhini 0aHindi- Lok Prasasan Kosh bSree Jain Pub . Housec2001 a475 aHindi